| 000 | 00730nam a2200253 a 4500 | ||
|---|---|---|---|
| 001 | 27187 | ||
| 003 | BD-RjUL | ||
| 005 | 20211209051126.0 | ||
| 008 | 170105s1989 ii a b 001 0 eng d | ||
| 020 | _a818519517X : | ||
| 035 | _a(BD-RjUL)27259 | ||
| 040 |
_aDLC _cDLC _dBD-RjUL _beng |
||
| 041 | _aeng | ||
| 082 | 0 | 0 |
_a294.52113 _223 _bMUH 1989 |
| 100 | 1 |
_aMukherjea, Sushil _983449 |
|
| 245 | 1 | 0 |
_aHistoricity of Lord Jagannatha / _cSushil Mukherjea. |
| 260 |
_aIndia : _bMinerva, _c1989. |
||
| 300 |
_aix, 115 p. : _bill. ; _c22 cm. |
||
| 504 | _aIncludes Bibliography and index. | ||
| 650 | 0 |
_aJagannātha (Hindu deity) _983450 |
|
| 650 | 0 |
_aIndia _983451 |
|
| 651 | 0 |
_aOrissa (India) _xReligion. _983452 |
|
| 942 |
_2ddc _cBK |
||
| 999 |
_c27187 _d27187 |
||